000
00314nam a2200121Ia 4500
008
220204s9999 xx 000 0 und d
082
_a
548
_b
WIL
100
_a
Pryor, A W
245
0
_a
Thermal vibrations in crystallography
260
_a
London
_b
Cambridge University
_c
1975
700
_a
Wills, B T M
942
_c
BK
999
_c
28110
_d
28110